Tratado de urología moderna aplicado a la clínica (Registro nro. 302981)

Detalles MARC
000 -ENCABEZADO
Número de control [NR] 02286nam a2200229 4500
005 - FECHA Y HORA DE LA ÚLTIMA TRANSACCIÓN
control field 20160310104931.0
008 - DE LONGITUD FIJA DE DATOS DE ELEMENTOS - INFORMACIÓN GENERAL
Elementos de longitud fija [NR] 160310s1920 ck |||fr|||| 001 0 spa d
040 ## - FUENTE DE CATALOGACION [NR]
Agencia de catalogación original [NR] CO-BoUCM
Idioma de catalogación [NR] spa
Quien Cataloga Sandra Yazo
Quien Clasifica Sandra Yazo
041 0# - CODIGO DE IDIOMA [R]
Código de idioma para texto/pista de sonido o título separado [R] Español
082 04 - NUMERO DE CLASIFICACION DECIMAL DEWEY [R]
Número de la edición [NR] 20
Número de clasificación [R] 616.6
092 ## - SIGNATURA TOPOGRAFICA LOCAL
Número de clasificación local E38N110
100 1# - ASIENTO PRINCIPAL--NOMBRE PERSONAL [NR]
Nombre personal [NR] Lombana Pérez, Joaquín
ID Autoridad 76131
245 10 - MENCION DE TITULO [NR]
Título [NR] Tratado de urología moderna aplicado a la clínica
Mención de responsabilidad, etc. [NR] por Joaquín Lombana Pérez
260 ## - PUBLICACION, DISTRIBUCION, ETC. (PIE DE IMPRENTA) [R]
Lugar de publicación, distribución, etc. [R] Bogotá (Colombia)
Nombre del editor, distribuidor, etc. [R] Casa editorial Minerva
Fecha de publicación, distribución, etc. [R] 1920
300 ## - DESCRIPCION FISICA [R]
Extensión [R] xxii, 575 páginas
Dimensiones [R] 24 x 17 cm.
500 ## - NOTA GENERAL [R]
Nota general [NR] Detalles físicos: Encuadernación flexible en cartulina. Tapa con datos de publicación impresos, casi desprendida, rota. Portada impresa en una sola tinta, rota. Dedicatoria con una anotación manuscrita. Texto impreso en una sola columna. Notas al pie de página. Algunas tablas y gráficas entre el texto. Primeras hojas con roturas. Notoria mancha de humedad. Hojas sueltas. Incluye una hoja plegada con el formato de los analisis de orina
505 1# - NOTA DE CONTENIDO CON FORMATO PREESTABLECIDO [R]
Nota de contenido con formato preestablecido [NR] Importancia del análisis de orina ; Comentarios y observaciones personales relativas a la deficiencia de los análisis urológicos ; Importancia de los datos de los análisis de orina, su definición, división, clasificación ; Exegesis del análisis y supresión de las conclusiones en el informe del laboratorio ; Datos biológicos extrínsecos: Los alimentos, el ejercicio, el trabajo intelectual y el sistema nervioso en relación con la orina, el clima, la temperatura, la luminosidad ; Examen de orina: propiedades organolépticas ; Determinaciones físicas ; Volumen de la orina ; Estudio y consideraciones teóricas sobre el volumen de la diuresis ; Determinaciones urinarias de orden físico, de importancia secundaria ; Examen microscópico de la orina centrifugada ; Investigación de histología urinaria ; Resumen anatómico-histológico del aparato urinario ; Resumen anatomo-histológico de los canales conectores: los cálices, bacinetes y uréteres ; De las células de las vías urinarias ; Cilindros renales ; Examen microcopia de los elemento no organizados, cristalinos y amorfos de sedimento urinario
506 ## - NOTA DE RESTRICCIONES DE ACCESO [R]
Condiciones de acceso [NR] Consulta en sala
650 #7 - ASIENTO SECUNDARIO DE MATERIA - TERMINO TEMATICO [R]
9 (RLIN) 418
Término temático o nombre geográfico como elemento de entrada [NR] Urología
690 ## - ASUNTO AGREGADO LOCAL DE ENTRADA - TÉRMINO TEMÁTICO (OCLC, RLIN)
Acceso temático local Medicina clínica
9 (RLIN) 19136
942 ## - ELEMENTOS DE ENTRADA AGREGADOS (KOHA)
Sistema de clasificación LOCAL
Tipo de ítem principal el descrito en 300a Libro
Edición 1
Clasificación E38N110
Existencias
Suprimido Perdido Sistema de clasificación Dañado No prestable Tipo de ítem específico Ubicación habitual Ubicación actual Localización Fecha de creación Forma de adquisición Costo Volúmen / Fascículo Total préstamos Signatura topográfica Código de barras Última vez visto Ejemplar Price effective from Tipo de ítem
    LOCAL     Libro archivo Archivo Histórico Archivo Histórico Archivo histórico 10/03/2016 Donación 0.00 V.1   E38N110 L005435 10/03/2016 Ej.1 10/03/2016 Libro